000 00324nam a2200133Ia 4500
008 151213s9999 xx 000 0 und d
100 _aWatt Whitman
245 _aSons & My Self
_cWatt Whitman
300 _a4885 p.
650 _aEnglish Literature
650 _aEnglish Literature
700 _aWatt Whitman
999 _c3070
_d3070